[Event "Let's Play Chess!"]
[Site "http://www.queenalice.com/game.php?id=1544298"]
[Date "2018.10.1"]
[Round "-"]
[White "Theflyingchessman91"]
[Black "yasseryack"]
[Result "0-1"]
[WhiteElo "1500"]
[BlackElo "1926"]

1. d4 d6 2. c4 e6 3. Nf3 Be7 4. Nc3 Bd7 5. g3 Nf6 6. Bg2 O-O 7. O-O c6 8. e4 c5
9. Be3 Ng4 10. h3 Nxe3 11. fxe3 Nc6 12. d5 exd5 13. exd5 Ne5 14. Nxe5 dxe5 15.
Qd2 Bf6 16. Ne4 b5 17. b3 bxc4 18. bxc4 Rb8 19. Nxf6+ gxf6 20. Be4 Bxh3 21. Qh2
f5 22. Rxf5 Bxf5 23. Bxf5 Kg7 24. Qxh7+ Kf6 25. Rf1 Ke7 26. Be6 Kd6 27. Bxf7 Qg5
28. Rf3 Rh8 29. Qg6+ Qxg6 30. Bxg6 a5 31. Rf6+ Kc7 32. Rc6+ Kd7 33. Bf5+ Ke7 0-1

[Event "Let's Play Chess!"]
[Site "http://www.queenalice.com/game.php?id=1544299"]
[Date "2018.9.30"]
[Round "-"]
[White "JOSETEZOMBIE"]
[Black "Theflyingchessman91"]
[Result "1-0"]
[WhiteElo "2304"]
[BlackElo "1500"]

1. d4 d5 2. Nf3 Nf6 3. c4 e6 4. Nc3 Bb4 5. cxd5 exd5 6. Bg5 c6 7. Qb3 a5 8. e3
h6 9. Bxf6 Qxf6 10. Bd3 Be6 11. a3 Bxc3+ 12. Qxc3 Nd7 13. O-O O-O 14. Ne5 Nxe5
15. dxe5 Qe7 16. Rac1 Qd7 17. Qd4 Rfd8 18. Bc2 Bf5 19. Rfd1 Bxc2 20. Rxc2 Qf5
21. Rc3 Re8 22. Rb3 b5 23. Rc3 Re6 24. Qb6 Rg6 25. g3 Qxe5 26. Rxc6 Qxb2 27.
Rxg6 fxg6 28. Qd4 Qxd4 29. Rxd4 Rb8 30. Rxd5 b4 31. axb4 axb4 32. Rd2 Kf7 33.
Kf1 b3 34. Rb2 Ke6 35. Ke2 Ke5 36. Kd3 g5 37. Kc3 Ke4 38. Rxb3 1-0

[Event "AUTO-OPEN-3980"]
[Site "http://www.queenalice.com/game.php?id=1544579"]
[Date "2018.10.2"]
[Round "1"]
[White "Theflyingchessman91"]
[Black "caradepau"]
[Result "0-1"]
[WhiteElo "1470"]
[BlackElo "1606"]

1. d4 d5 2. Bg5 h6 3. Bh4 Bf5 4. e3 a6 5. Nf3 Nc6 6. c3 g5 7. Bg3 e6 8. Bd3 Bxd3
9. Qxd3 Bd6 10. Nbd2 Bxg3 11. hxg3 Nf6 12. Nxg5 Qe7 13. Ngf3 O-O-O 14. O-O-O Ng4
0-1

[Event "AUTO-OPEN-3980"]
[Site "http://www.queenalice.com/game.php?id=1544580"]
[Date "2018.10.2"]
[Round "1"]
[White "caradepau"]
[Black "Theflyingchessman91"]
[Result "1-0"]
[WhiteElo "1617"]
[BlackElo "1448"]

1. e4 e5 2. Nf3 d6 3. h3 Be7 4. Bc4 Nf6 5. d3 O-O 6. O-O h6 7. Nc3 Be6 8. Bxe6
fxe6 9. Nh4 Nxe4 10. Nxe4 Bxh4 11. a3 Nc6 12. Qg4 Kh7 13. Be3 1-0

[Event "Let's Play Chess!"]
[Site "http://www.queenalice.com/game.php?id=1544890"]
[Date "2018.10.5"]
[Round "-"]
[White "Theflyingchessman91"]
[Black "ulisses34"]
[Result "0-1"]
[WhiteElo "1500"]
[BlackElo "1720"]

1. d4 e6 2. Bf4 d6 3. c4 c6 4. Nc3 Be7 5. e4 Na6 6. Nf3 Nf6 7. Rc1 O-O 8. Bd3
Nd7 9. O-O Qb6 10. Qd2 c5 11. Be3 cxd4 12. Bxd4 Qd8 13. Rfd1 Bf6 14. Bxf6 Nxf6
15. e5 Ne8 16. exd6 Nc5 17. Bb1 Nd7 18. Qc2 Ndf6 19. Ne5 a6 20. d7 Bxd7 21. Nxd7
Qc7 22. Nxf6+ Nxf6 23. Ne4 Nxe4 24. Qxe4 g6 25. h4 Qe7 0-1

[Event "Let's Play Chess!"]
[Site "http://www.queenalice.com/game.php?id=1544891"]
[Date "2018.10.5"]
[Round "-"]
[White "marcomasao"]
[Black "Theflyingchessman91"]
[Result "1-0"]
[WhiteElo "1945"]
[BlackElo "1470"]

1. e4 e6 2. Bc4 d5 3. exd5 exd5 4. Bb3 c6 5. d4 Bd6 6. Nf3 Ne7 7. c4 O-O 8. O-O
Bg4 9. c5 Bc7 10. h3 Bh5 11. Bc2 h6 12. Qd3 Bg6 13. Qb3 Bxc2 14. Qxc2 Nd7 15.
Nc3 Nf6 16. Be3 Qd7 17. Qd2 Ng6 18. Qc2 1-0

[Event "Let's Play Chess!"]
[Site "http://www.queenalice.com/game.php?id=1544892"]
[Date "2018.10.5"]
[Round "-"]
[White "marcomasao"]
[Black "Theflyingchessman91"]
[Result "1-0"]
[WhiteElo "1912"]
[BlackElo "1500"]

1. e4 e6 2. Bc4 d5 3. exd5 exd5 4. Bb3 Nf6 5. d4 Bd6 6. Nf3 O-O 7. O-O Bg4 8. h3
Bh5 9. g4 Bg6 10. Ne5 Nbd7 11. Bf4 Nb6 12. Nd2 Bxe5 13. dxe5 Ne4 14. Nxe4 dxe4
15. Qxd8 Raxd8 16. e6 fxe6 17. Bxe6+ Bf7 18. Bxc7 Bxe6 19. Bxd8 1-0

[Event "AUTO-OPEN-3981"]
[Site "http://www.queenalice.com/game.php?id=1545029"]
[Date "2018.10.5"]
[Round "1"]
[White "Donidon"]
[Black "Theflyingchessman91"]
[Result "1-0"]
[WhiteElo "2442"]
[BlackElo "1470"]

1. e4 e6 2. d4 d5 3. Nc3 dxe4 4. Nxe4 Bd7 5. Bd3 Bc6 6. Nf3 Nd7 7. O-O Ngf6 8.
Bg5 Be7 9. Nc3 Bxf3 10. Qxf3 c6 11. a3 O-O 12. Be3 e5 13. d5 cxd5 14. Nxd5 Nxd5
15. Qxd5 Qc7 16. Qe4 Nf6 17. Qh4 Bd6 18. Bg5 e4 19. Bxf6 1-0

[Event "AUTO-OPEN-3981"]
[Site "http://www.queenalice.com/game.php?id=1545030"]
[Date "2018.10.5"]
[Round "1"]
[White "Theflyingchessman91"]
[Black "Donidon"]
[Result "0-1"]
[WhiteElo "1470"]
[BlackElo "2441"]

1. d4 Nf6 2. Bf4 d5 3. e3 c5 4. c3 Nc6 5. Nf3 g6 6. h3 Bg7 7. Bd3 c4 8. Be2 O-O
9. Nbd2 Re8 10. Ne5 Nd7 11. Nxc6 bxc6 12. b4 e5 13. Bh2 exd4 14. cxd4 a5 15.
bxa5 Rxa5 16. O-O c5 17. Nf3 cxd4 18. Nxd4 Ra6 0-1